Encyclopedia of the European Union
Αποθηκεύτηκε σε:
| Άλλοι συγγραφείς: | |
|---|---|
| Μορφή: | Βιβλίο |
| Γλώσσα: | English |
| Δημοσίευση: |
London :
Macmillan Press,
c1998.
|
| Θέματα: | |
| Ετικέτες: |
Προσθήκη ετικέτας
Δεν υπάρχουν, Καταχωρήστε ετικέτα πρώτοι!
|
MARC
| LEADER | 00000cam a2200000 i 4500 | ||
|---|---|---|---|
| 001 | 1/88683 | ||
| 008 | 990825s1998 enk| ||| |||| ||eng|| | ||
| 020 | |a 0333712625 | ||
| 035 | |l 10052593 | ||
| 040 | |a GR-MyUa |b gre |e AACR2 | ||
| 041 | 0 | |a eng | |
| 082 | 7 | |a 341.242203 |2 (22) | |
| 245 | 0 | 0 | |a Encyclopedia of the European Union / |c edited by Desmond Dinan. |
| 260 | |a London : |b Macmillan Press, |c c1998. | ||
| 300 | |a 563 σ. ; |c 26 εκ. | ||
| 504 | |a Περιλαμβάνει βιβλιογραφικές παραπομπές και ευρετήριο. | ||
| 610 | 2 | 0 | |a European Union. |
| 700 | 1 | |a Dinan, Desmond, |d 1957- |e edt | |
| 852 | |a INST |b LESVOS |e 19990825 |h 341.242203 ENC |p 005100019712 |q 005100019712 |t REF |y 23 | ||
| 901 | |a BIBL1-1999-2 | ||
| 922 | |a 1ΕΛΗ |b 199901 |c ΚΠΣ/ΚΥΒ |d Leader | ||
| 950 | |a 023-1998-09-14 | ||
| 970 | |z 1999/08/26 |a Τζαφέρη |b Ευαγγελία | ||